[Event "London (ENG)-Hlohovec (SVK)"]
[Site "Hamburg"]
[Date "2009.06.04"]
[Round "2.4"]
[White "Dunn, Richard"]
[Black "Jaros, Jozef"]
[Result "1/2-1/2"]
[WhiteElo "1900"]
[BlackElo "1900"]
[PlyCount "76"]
[EventDate "2009.??.??"]
[WhiteTeam "London (ENG)"]
[BlackTeam "Hlohovec (SVK)"]

1. Nf3 Nf6 2. g3 g6 3. Bg2 Bg7 4. O-O O-O 5. d3 d6 6. Nc3 c5 7. Bd2 Nc6 8. Qc1
Bg4 9. h3 Bd7 10. Bh6 Qc8 11. Bxg7 Kxg7 12. Kh2 h6 13. e4 e5 14. Ng1 Be6 15.
Nge2 Nd4 16. f4 Nxe2 17. Nxe2 exf4 18. Qxf4 Qd8 19. Nc3 Nh5 20. Qe3 Kh7 21.
Rab1 Ng7 22. Rf2 Qe7 23. Re1 Qc7 24. a3 Rae8 25. Qd2 b6 26. Rd1 f5 27. Rdf1 Qb8
28. d4 Bc4 29. Re1 fxe4 30. Nxe4 Nf5 31. d5 Qd8 32. b3 Ba6 33. c3 Bb7 34. Ref1
Kg7 35. Qd3 h5 36. Qd2 Nh6 37. Ng5 Bc8 38. Be4 Rxf2+ 1/2-1/2

[Event "Baku (AZE)-Helsingborg (SWE)"]
[Site "Hamburg"]
[Date "2009.06.04"]
[Round "2.1"]
[White "Borg, Peter"]
[Black "Slepsov, Aleksandr"]
[Result "1/2-1/2"]
[WhiteElo "1900"]
[BlackElo "1900"]
[PlyCount "107"]
[EventDate "2009.??.??"]
[WhiteTeam "Helsingborg (SWE)"]
[BlackTeam "Baku (AZE)"]

1. d4 d5 2. Nf3 Nf6 3. b3 g6 4. g3 Bg7 5. Bg2 O-O 6. O-O Nbd7 7. Bb2 Ne4 8. c3
Ndf6 9. Nbd2 c6 10. Nxe4 Nxe4 11. Ne1 f5 12. f3 Nd6 13. Nd3 Qb6 14. Kh1 a5 15.
a4 Nf7 16. Ba3 Qc7 17. b4 axb4 18. cxb4 Bxd4 19. Rc1 Qd8 20. Qb3 Bf6 21. Rfd1
Kg7 22. f4 h5 23. b5 cxb5 24. axb5 d4 25. b6 Nd6 26. Rc7 Ra6 27. Rdc1 Rxa3 28.
Qxa3 Nb5 29. Rxc8 Nxa3 30. Rxd8 Rxd8 31. Bxb7 Rd6 32. Rc6 Nb5 33. Rxd6 Nxd6 34.
Bc6 h4 35. b7 Nxb7 36. Bxb7 g5 37. Kg2 e6 38. fxg5 Bxg5 39. Bc8 Kf6 40. h3 hxg3
41. Kxg3 e5 42. Ne1 e4 43. Ba6 Bd2 44. Ng2 Ke5 45. h4 Kf6 46. Nf4 Be1+ 47. Kh3
Ke5 48. Ng2 Bf2 49. h5 Kf6 50. Bc8 Kg5 51. h6 Kxh6 52. Bxf5 d3 53. exd3 exd3
54. Bxd3 1/2-1/2

[Event "Baku (AZE)-Helsingborg (SWE)"]
[Site "Hamburg"]
[Date "2009.06.04"]
[Round "2.2"]
[White "Yusifov, Fazil"]
[Black "Korenkiewicz, Jaroslav"]
[Result "0-1"]
[WhiteElo "1900"]
[BlackElo "1900"]
[PlyCount "86"]
[EventDate "2009.??.??"]
[WhiteTeam "Baku (AZE)"]
[BlackTeam "Helsingborg (SWE)"]

1. e4 c5 2. Nc3 Nc6 3. Bb5 Nd4 4. Bd3 e5 5. Nd5 Ne6 6. Bc4 d6 7. Nf3 Bd7 8. Nc3
Nf6 9. d3 Be7 10. Bd2 Rb8 11. Ng5 Nxg5 12. Bxg5 Bg4 13. Qd2 a6 14. Bxf6 Bxf6
15. Nd5 Bg5 16. Qc3 b5 17. Qa3 bxc4 18. dxc4 O-O 19. Qg3 Be6 20. O-O Bxd5 21.
cxd5 Rxb2 22. Qc3 Qb6 23. g3 Qb4 24. Qf3 a5 25. h4 Bf6 26. Qf5 Rxc2 27. g4 Bd8
28. g5 g6 29. Qg4 Qd2 30. Rad1 Qf4 31. Qxf4 exf4 32. Ra1 f6 33. Rfc1 Rxc1+ 34.
Rxc1 fxg5 35. hxg5 Bxg5 36. Rb1 f3 37. Rb6 Bf4 38. Kf1 h5 39. a4 h4 40. Kg1 h3
41. Rb3 Be5 42. Rb7 g5 43. Rb3 g4 0-1

[Event "Baku (AZE)-Helsingborg (SWE)"]
[Site "Hamburg"]
[Date "2009.06.04"]
[Round "2.3"]
[White "Claesson, Mats"]
[Black "Zhigannurov, Ramiz"]
[Result "0-1"]
[WhiteElo "1900"]
[BlackElo "1900"]
[PlyCount "84"]
[EventDate "2009.??.??"]
[WhiteTeam "Helsingborg (SWE)"]
[BlackTeam "Baku (AZE)"]

1. Nf3 d5 2. d4 Nf6 3. e3 Bg4 4. Be2 e6 5. c4 c6 6. Nc3 Bxf3 7. Bxf3 dxc4 8.
Qe2 b5 9. Bd2 Nd5 10. O-O a6 11. a3 g6 12. e4 Nxc3 13. Bxc3 Bg7 14. Bb4 Bxd4
15. Rad1 e5 16. Qd2 a5 17. Bc5 Na6 18. Bxd4 exd4 19. Qxd4 Qxd4 20. Rxd4 Rd8 21.
Rxd8+ Kxd8 22. Rd1+ Ke7 23. e5 Nb8 24. Be4 Rd8 25. Rxd8 Kxd8 26. f4 c5 27. Kf2
Ke7 28. Ke3 f5 29. Bd5 Nd7 30. h3 Nb6 31. Bc6 b4 32. a4 Ke6 33. Kd2 Nd5 34. g3
h6 35. Bb5 Nb6 36. Kc2 g5 37. Kd2 gxf4 38. gxf4 Kd5 39. Ke3 Nc8 40. h4 Ne7 41.
Be8 Ke6 42. Bh5 Nd5+ 0-1

[Event "Kiew (UKR)-Sofia (BUL)"]
[Site "?"]
[Date "2009.06.05"]
[Round "3.1"]
[White "Georgiev, Veselin"]
[Black "Baklanova, Tetiana"]
[Result "1/2-1/2"]
[WhiteElo "2360"]
[BlackElo "2239"]
[PlyCount "93"]
[EventDate "2009.??.??"]
[WhiteTeam "Sofia (BUL)"]
[BlackTeam "Kiew (UKR)"]

1. e4 e6 2. d4 d5 3. exd5 exd5 4. Bf4 Bd6 5. Ne2 Nf6 6. Nbc3 O-O 7. f3 Re8 8.
Qd2 Bxf4 9. Qxf4 Qe7 10. g4 c6 11. O-O-O Nbd7 12. Ng3 Qe3+ 13. Qxe3 Rxe3 14.
Be2 Nf8 15. Kd2 Re7 16. Bd3 g6 17. h4 Bd7 18. Nce2 Ne8 19. b3 Nd6 20. Rh2 Rae8
21. Rf1 b6 22. Nf4 Be6 23. Re1 Bd7 24. Rxe7 Rxe7 25. Rh1 Re8 26. Nge2 Re7 27.
a4 Be6 28. Ra1 Bc8 29. a5 b5 30. Nc3 Ne6 31. Nxe6 Rxe6 32. Na2 Rf6 33. Be2 h5
34. gxh5 Rf4 35. c3 gxh5 36. Rh1 Nf5 37. Nb4 Bd7 38. Nd3 Rxh4 39. Rxh4 Nxh4 40.
f4 f6 41. Bxh5 Kf8 42. Ke2 Nf5 43. Kf2 Nd6 44. Bf3 Ke7 45. Nc5 Bf5 46. Ke3 Bc8
47. Nd3 1/2-1/2

[Event "Kiew (UKR)-Sofia (BUL)"]
[Site "?"]
[Date "2009.06.05"]
[Round "3.2"]
[White "Kovalenko, Vladimir"]
[Black "Ninov, Nikolay"]
[Result "1/2-1/2"]
[WhiteElo "2162"]
[BlackElo "1900"]
[PlyCount "35"]
[EventDate "2009.??.??"]
[WhiteTeam "Kiew (UKR)"]
[BlackTeam "Sofia (BUL)"]

1. e4 d5 2. exd5 Qxd5 3. Nc3 Qa5 4. d4 Nf6 5. Nf3 Bg4 6. h3 Bf5 7. Ne5 c6 8.
Bc4 e6 9. g4 Be4 10. Rg1 Bb4 11. Rg3 Nbd7 12. Nxd7 Nxd7 13. Bd2 Bg6 14. a3 Bxc3
15. Bxc3 Qg5 16. Qd2 Qxd2+ 17. Kxd2 Nf6 18. f3 1/2-1/2

[Event "Kiew (UKR)-Sofia (BUL)"]
[Site "?"]
[Date "2009.06.05"]
[Round "3.3"]
[White "Dobrev, Alexander"]
[Black "Ovcharov, Taras"]
[Result "0-1"]
[WhiteElo "1900"]
[BlackElo "1987"]
[PlyCount "98"]
[EventDate "2009.??.??"]
[WhiteTeam "Sofia (BUL)"]
[BlackTeam "Kiew (UKR)"]

1. e4 d5 2. exd5 Nf6 3. d4 Qxd5 4. Nc3 Qa5 5. Bc4 c6 6. Nge2 Bf5 7. Bd2 e6 8.
a3 Qc7 9. Bf4 Bd6 10. Qd2 Nbd7 11. f3 Nb6 12. Bb3 O-O-O 13. O-O-O Nbd5 14. Bxd6
Rxd6 15. h4 h5 16. Ng3 Bg6 17. Nce4 Rd7 18. Nxf6 Nxf6 19. Ne2 Rhd8 20. c3 e5
21. Qg5 exd4 22. Rxd4 Qb6 23. Rxd7 Rxd7 24. Be6 fxe6 25. Nd4 Bf5 26. Re1 Qd8
27. Nxf5 exf5 28. Qxf5 Kb8 29. Qf4+ Qc7 30. Qxc7+ Kxc7 31. g3 Rd3 32. Re7+ Kb6
33. Rxg7 Rxf3 34. Kc2 Ng4 35. Rg5 Rxg3 36. Rxh5 Rh3 37. Rh7 Rh2+ 38. Kb1 Ne3
39. b4 a6 40. h5 Ng4 41. Rh8 Nf6 42. h6 Ng4 43. c4 Nxh6 44. a4 Ng4 45. Rxh2
Nxh2 46. Kc2 c5 47. b5 axb5 48. axb5 Ka5 49. Kb3 Nf3 0-1

[Event "Kiew (UKR)-Sofia (BUL)"]
[Site "?"]
[Date "2009.06.05"]
[Round "3.4"]
[White "Babii, Petro"]
[Black "Ivanov, Svetoslav"]
[Result "1-0"]
[WhiteElo "2124"]
[BlackElo "1900"]
[PlyCount "105"]
[EventDate "2009.??.??"]
[WhiteTeam "Kiew (UKR)"]
[BlackTeam "Sofia (BUL)"]

1. Nf3 d5 2. d4 Nf6 3. c4 e6 4. Nc3 Bb4 5. a3 Bxc3+ 6. bxc3 O-O 7. Bg5 Nbd7 8.
e3 c6 9. cxd5 exd5 10. Bd3 Qa5 11. Qc2 h6 12. Bf4 Re8 13. O-O Ne4 14. c4 Ndf6
15. Rfc1 Bg4 16. cxd5 Qxd5 17. Ne5 Be6 18. Qb2 Re7 19. f3 Ng5 20. Nc4 Rd8 21.
h4 Ngh7 22. Qb4 c5 23. Bxh7+ Kxh7 24. dxc5 Red7 25. Ne5 Qd2 26. Nxd7 Rxd7 27.
Qxd2 Rxd2 28. e4 Rd7 29. Rab1 a5 30. a4 Ne8 31. Rb5 f5 32. exf5 Bd5 33. Rxa5
Bc6 34. Rc4 Nf6 35. Bd6 Ne8 36. Bf4 Nf6 37. Ra7 Rd1+ 38. Kf2 Nd5 39. Bc1 Ne7
40. g4 Nd5 41. Ra8 b5 42. axb5 Bxa8 43. c6 Nb6 44. Rc2 Rd4 45. Be3 Rc4 46. Ra2
Bxc6 47. bxc6 Rxc6 48. Ra7 Nd5 49. Bd4 Rc7 50. Ra8 Rd7 51. g5 hxg5 52. hxg5 Ne7
53. f6 1-0

[Event "Hamburg (GER II)-Zagreb (CRO)"]
[Site "?"]
[Date "2009.06.05"]
[Round "3.1"]
[White "Bozinovic, Bogdan"]
[Black "Kevorkov, Artur"]
[Result "1/2-1/2"]
[WhiteElo "2323"]
[BlackElo "2240"]
[PlyCount "77"]
[EventDate "2009.??.??"]
[WhiteTeam "Zagreb (CRO)"]
[BlackTeam "Hamburg (GER II)"]

1. d4 d5 2. c4 c6 3. Nf3 Nf6 4. Nc3 e6 5. Bg5 h6 6. Bxf6 Qxf6 7. e3 Nd7 8. Bd3
Bb4 9. O-O O-O 10. Rc1 Bxc3 11. Rxc3 dxc4 12. Bxc4 e5 13. e4 exd4 14. Qxd4 Qxd4
15. Nxd4 Ne5 16. Bb3 Rd8 17. Rd1 Bd7 18. f4 Ng6 19. g3 Rac8 20. Rcd3 Bg4 21.
Nf3 Rxd3 22. Rxd3 Bxf3 23. Rxf3 Rd8 24. Rf1 Rd2 25. Rd1 Rxd1+ 26. Bxd1 Kf8 27.
Kf2 Ke7 28. Ke3 f6 29. Bh5 Nf8 30. Bg4 Kd6 31. h4 Ng6 32. Kd4 c5+ 33. Kc4 Ne7
34. Bf3 Nc6 35. Bd1 a6 36. a3 b6 37. Kd3 b5 38. b3 Na5 39. Kc3 1/2-1/2

[Event "Hamburg (GER II)-Zagreb (CRO)"]
[Site "?"]
[Date "2009.06.05"]
[Round "3.2"]
[White "Jentsch, Dieter"]
[Black "Klasan, Vladimir"]
[Result "1/2-1/2"]
[WhiteElo "2175"]
[BlackElo "2282"]
[PlyCount "113"]
[EventDate "2009.??.??"]
[WhiteTeam "Hamburg (GER II)"]
[BlackTeam "Zagreb (CRO)"]

1. e4 c5 2. Nf3 d6 3. c3 Nf6 4. Bc4 Nxe4 5. Qa4+ Nc6 6. Bxf7+ Kxf7 7. Qxe4 g6
8. Ng5+ Kg7 9. d4 cxd4 10. cxd4 Bf5 11. Qd5 Qe8 12. Bd2 e6 13. Qb3 Qd7 14. O-O
Be7 15. Nxe6+ Qxe6 16. d5 Qf7 17. dxc6 Qxb3 18. axb3 bxc6 19. Bc3+ Bf6 20. Re1
Kf7 21. Nd2 Rhb8 22. Nc4 Bxc3 23. bxc3 Rxb3 24. Nxd6+ Kf6 25. Nxf5 gxf5 26. Re3
a5 27. Rd1 Rd8 28. Ra1 a4 29. c4 Rxe3 30. fxe3 Ra8 31. Ra3 Ke5 32. Kf2 Kd6 33.
Ke2 Kc5 34. Kd3 Kb4 35. Ra1 a3 36. Rb1+ Kc5 37. Ra1 a2 38. Kc3 Ra3+ 39. Kb2 Kb4
40. c5 Rxe3 41. Rf1 Ra3 42. Rf4+ Kxc5 43. Rxf5+ Kd4 44. Ka1 Ra7 45. Rf4+ Ke5
46. Rc4 Kd5 47. Rc2 c5 48. Rxa2 Rxa2+ 49. Kxa2 Ke4 50. Kb2 Ke3 51. Kc3 Kf2 52.
g4 Kg2 53. Kc4 Kxh2 54. g5 Kg3 55. Kxc5 Kg4 56. Kd4 Kxg5 57. Ke3 1/2-1/2

[Event "Hamburg (GER II)-Zagreb (CRO)"]
[Site "?"]
[Date "2009.06.05"]
[Round "3.3"]
[White "Vujcic, Toni"]
[Black "Krüger, Karl-Friedrich"]
[Result "1-0"]
[WhiteElo "2141"]
[BlackElo "1900"]
[PlyCount "105"]
[EventDate "2009.??.??"]
[WhiteTeam "Zagreb (CRO)"]
[BlackTeam "Hamburg (GER II)"]

1. d4 Nf6 2. c4 g6 3. g3 Bg7 4. Bg2 d6 5. Nf3 O-O 6. O-O c5 7. Nc3 cxd4 8. Nxd4
Nbd7 9. b3 Nc5 10. Bb2 Qb6 11. Qd2 Bd7 12. e4 Ng4 13. Rad1 Ne5 14. Nd5 Qd8 15.
f4 Nc6 16. h3 a5 17. Nb5 Bxb2 18. Qxb2 Nb4 19. Nbc7 Rc8 20. Nxb4 Qxc7 21. Nd5
Qd8 22. e5 Bc6 23. exd6 Bxd5 24. dxe7 Qxe7 25. Rxd5 Qe3+ 26. Qf2 Qxf2+ 27. Kxf2
Rfe8 28. Re1 Rxe1 29. Kxe1 Re8+ 30. Kd2 b6 31. Rd6 Rb8 32. Bd5 Kg7 33. g4 f6
34. g5 fxg5 35. fxg5 Kh8 36. Ke3 Na6 37. a3 Nc5 38. b4 axb4 39. axb4 Na6 40. b5
Nc5 41. Kd4 Nb3+ 42. Ke5 Nc5 43. Rc6 Na4 44. Kd6 Re8 45. Kd7 Rf8 46. Kc7 Re8
47. Rxb6 Nxb6 48. Kxb6 Re3 49. Kc7 Rxh3 50. b6 Re3 51. b7 Re7+ 52. Kd8 Rxb7 53.
Bxb7 1-0

[Event "Hamburg (GER II)-Zagreb (CRO)"]
[Site "?"]
[Date "2009.06.05"]
[Round "3.4"]
[White "Rahn, Jürgen"]
[Black "Svec, Darko"]
[Result "1/2-1/2"]
[WhiteElo "1900"]
[BlackElo "1968"]
[PlyCount "109"]
[EventDate "2009.??.??"]
[WhiteTeam "Hamburg (GER II)"]
[BlackTeam "Zagreb (CRO)"]

1. d4 Nf6 2. Nf3 g6 3. c4 Bg7 4. Nc3 d5 5. e3 O-O 6. Be2 c5 7. dxc5 Qa5 8. O-O
dxc4 9. Bxc4 Qxc5 10. Bb3 Nc6 11. Qe2 a6 12. Qc4 Qh5 13. Qh4 Qxh4 14. Nxh4 Rd8
15. h3 b5 16. a3 Na5 17. Bd1 Bb7 18. Bf3 Bxf3 19. Nxf3 Nb3 20. Rb1 Nd5 21. Ne2
Rac8 22. Ned4 Nc5 23. b4 Nd3 24. Bd2 e5 25. Nb3 Nc3 26. Bxc3 Rxc3 27. Nfd2 f5
28. e4 Bh6 29. Rfd1 Rc2 30. Nf3 Rcc8 31. exf5 gxf5 32. Ne1 Nxe1 33. Rxd8+ Rxd8
34. Rxe1 e4 35. Nc5 Rd6 36. g4 fxg4 37. hxg4 e3 38. fxe3 Rg6 39. Kf2 Rxg4 40.
Nxa6 Rc4 41. e4 Rc3 42. Ra1 Be3+ 43. Ke2 Ba7 44. Rd1 Re3+ 45. Kf1 Rxe4 46. Rd8+
Kf7 47. Rd7+ Re7 48. Rxe7+ Kxe7 49. Nc7 Bd4 50. Nxb5 Bb2 51. a4 Kd7 52. a5 Kc6
53. a6 Kb6 54. a7 Kb7 55. Ke2 1/2-1/2

[Event "Moskau (RUS)-Otwock (POL)"]
[Site "?"]
[Date "2009.06.05"]
[Round "3.1"]
[White "Checiak, Krysztof"]
[Black "Varezhkin, Viktor"]
[Result "1-0"]
[WhiteElo "2111"]
[BlackElo "2188"]
[PlyCount "75"]
[EventDate "2009.??.??"]
[WhiteTeam "Otwock (POL)"]
[BlackTeam "Moskau (RUS)"]

1. d4 Nf6 2. Nf3 e6 3. c4 Bb4+ 4. Bd2 a5 5. a3 Be7 6. Nc3 d5 7. e3 O-O 8. Bd3
c5 9. cxd5 exd5 10. dxc5 Bxc5 11. Qc2 Nc6 12. Nb5 Qe7 13. Rc1 Bb6 14. O-O Ne4
15. Bc3 Nxc3 16. Nxc3 Be6 17. Bxh7+ Kh8 18. Bd3 Rfd8 19. Nb5 Rac8 20. Qa4 Qf6
21. Rc3 d4 22. exd4 Bg4 23. Ne5 Be6 24. Nf3 Bg4 25. Be4 Nxd4 26. Nbxd4 Bxd4 27.
Nxd4 Qxd4 28. Qxd4 Rxd4 29. f3 Rcd8 30. Bxb7 Bf5 31. Rc5 Be6 32. Rxa5 Rd2 33.
Ra8 Rxa8 34. Bxa8 Rxb2 35. Ra1 Bc4 36. a4 Ba6 37. Be4 g6 38. h3 {
... unleserlich!} 1-0

[Event "Moskau (RUS)-Otwock (POL)"]
[Site "?"]
[Date "2009.06.05"]
[Round "3.2"]
[White "Parfenov, Vjacheslav"]
[Black "Strzelecki, Jerzy"]
[Result "0-1"]
[WhiteElo "2228"]
[BlackElo "2180"]
[PlyCount "78"]
[EventDate "2009.??.??"]
[WhiteTeam "Moskau (RUS)"]
[BlackTeam "Otwock (POL)"]

1. e4 c5 2. c3 e6 3. d4 d5 4. e5 Qb6 5. Nf3 Nc6 6. dxc5 Bxc5 7. Qc2 Bd7 8. Bd3
Nh6 9. O-O Nf5 10. a4 h5 11. b4 Be7 12. a5 Qc7 13. a6 bxa6 14. Re1 O-O 15. Rxa6
Rfc8 16. Qe2 g6 17. Bg5 Bxg5 18. Nxg5 Qd8 19. Nf3 Kg7 20. Qd2 Qe7 21. Qf4 Nb8
22. Ra1 Nc6 23. h3 a5 24. b5 Nd8 25. g4 Nh4 26. Nxh4 Qxh4 27. Kg2 Nb7 28. Qg3
Qxg3+ 29. Kxg3 hxg4 30. hxg4 Nc5 31. Bc2 Bxb5 32. Na3 Bd3 33. Bxd3 Nxd3 34. Re3
Nc5 35. f3 Rcb8 36. Nc2 Rb2 37. Nd4 a4 38. Ra3 g5 39. f4 Ne4+ 0-1

[Event "Moskau (RUS)-Otwock (POL)"]
[Site "?"]
[Date "2009.06.05"]
[Round "3.3"]
[White "Chojnowski, Marcin"]
[Black "Parfenov, Pavel"]
[Result "1-0"]
[WhiteElo "2130"]
[BlackElo "2248"]
[PlyCount "127"]
[EventDate "2009.??.??"]
[WhiteTeam "Otwock (POL)"]
[BlackTeam "Moskau (RUS)"]

1. e4 c5 2. Nf3 Nc6 3. d4 cxd4 4. Nxd4 Qc7 5. Nc3 e6 6. Be3 a6 7. Qd2 Nf6 8.
O-O-O Bb4 9. f3 Ne5 10. Bf4 Nh5 11. Bg5 h6 12. Bh4 Bxc3 13. Qxc3 Qxc3 14. bxc3
d6 15. Nb3 g5 16. Bf2 Ke7 17. Be3 Nf6 18. Be2 Bd7 19. h4 Rhg8 20. hxg5 hxg5 21.
c4 Bc6 22. Bd4 Nfd7 23. Rh5 Ng6 24. g3 g4 25. c5 d5 26. exd5 Bxd5 27. f4 f5 28.
Rh7+ Ke8 29. Na5 Ngf8 30. Rh6 Rc8 31. Bc4 Be4 32. c6 Bxc6 33. Bxe6 Nxe6 34.
Rxe6+ Kf7 35. Rd6 Rg6 36. Nxb7 Nf8 37. Nd8+ Ke7 38. Rxg6 Nxg6 39. Bc5+ Ke8 40.
Nxc6 Rxc6 41. Bb4 Kf7 42. Kb2 Ke6 43. Kb3 Nh8 44. Rd8 Nf7 45. Re8+ Kf6 46. Bc3+
Kg6 47. Bd4 Nd6 48. Re6+ Kf7 49. Rh6 Nb5 50. Rh7+ Ke6 51. Be5 Kd5 52. Rd7+ Ke4
53. c4 Na7 54. Rxa7 Kf3 55. Rf7 Kxg3 56. Rxf5 Kf3 57. Rf6 Rc8 58. Rxa6 g3 59.
Rg6 Rd8 60. f5 g2 61. f6 Kf2 62. Kc3 g1=Q 63. Bd4+ Rxd4 64. Rxg1 1-0

[Event "Moskau (RUS)-Otwock (POL)"]
[Site "?"]
[Date "2009.06.05"]
[Round "3.4"]
[White "Ivanov, Mikhail"]
[Black "Marczukiewicz, Jerzy"]
[Result "1/2-1/2"]
[WhiteElo "1900"]
[BlackElo "2001"]
[PlyCount "89"]
[EventDate "2009.??.??"]
[WhiteTeam "Moskau (RUS)"]
[BlackTeam "Otwock (POL)"]

1. d4 d5 2. Nf3 Nf6 3. c4 c6 4. Nc3 e6 5. Bg5 h6 6. Bh4 dxc4 7. e4 g5 8. Bg3 b5
9. Be2 Bb7 10. h4 g4 11. Ne5 h5 12. O-O Nbd7 13. Nxd7 Qxd7 14. Be5 Be7 15. b3
cxb3 16. axb3 Rg8 17. Qd3 Rg6 18. Rfd1 a6 19. Qe3 Bb4 20. Rac1 Bf8 21. Rc2 Qe7
22. Bf4 Nd7 23. g3 e5 24. dxe5 Nxe5 25. Rcd2 Re6 26. Bxe5 Rxe5 27. Qb6 Rb8 28.
Bf1 Re6 29. Bg2 c5 30. Qa5 Bg7 31. Nd5 Bxd5 32. exd5 Re1+ 33. Kh2 Rxd1 34. Rxd1
Qd6 35. Qd2 Kf8 36. Qc2 Re8 37. Qf5 c4 38. bxc4 bxc4 39. Qxh5 c3 40. Qxg4 Qc5
41. Qf4 c2 42. Rc1 Re2 43. Qb8+ Re8 44. Qb3 Re2 45. Qb8+ 1/2-1/2

[Event "Dresden (GER I)-Baku (AZE)"]
[Site "?"]
[Date "2009.06.05"]
[Round "3.1"]
[White "Slepsov, Aleksandr"]
[Black "Mucha, Annegret"]
[Result "1/2-1/2"]
[WhiteElo "1900"]
[BlackElo "1957"]
[PlyCount "114"]
[EventDate "2009.??.??"]
[WhiteTeam "Baku (AZE)"]
[BlackTeam "Dresden (GER I)"]

1. d4 Nf6 2. Nf3 b6 3. g3 Bb7 4. Bg2 e6 5. O-O Be7 6. c4 d6 7. Nc3 O-O 8. Re1
Nbd7 9. e4 e5 10. d5 a5 11. Nh4 Nc5 12. Be3 Bc8 13. Bxc5 bxc5 14. Nf5 g6 15.
Ne3 Nh5 16. Rc1 Ng7 17. f4 f6 18. Rc2 Bd7 19. a4 Rb8 20. Nb5 Qc8 21. Rf1 f5 22.
exf5 exf4 23. gxf4 Nxf5 24. Nxf5 Bxf5 25. Rd2 Bh4 26. Na7 Qe8 27. Nc6 Ra8 28.
Re2 Qf7 29. Qd2 Bd7 30. b3 Bxc6 31. dxc6 Kh8 32. Bd5 Qf5 33. Be6 Qh5 34. Rg2
Bf6 35. Kh1 Qh6 36. Rf3 Bd4 37. f5 Qxd2 38. Rxd2 gxf5 39. Rxf5 Rxf5 40. Bxf5
Rf8 41. Bd3 Rg8 42. Rg2 Rf8 43. Rg3 Be5 44. Rh3 Rf7 45. Rh5 Kg8 46. Kg2 Bf4 47.
Bf5 Rg7+ 48. Kf3 Be5 49. Ke4 Re7 50. Kd5 Bf6 51. Bd3 h6 52. Rf5 Kg7 53. Be4 Be5
54. h4 Bf6 55. h5 Bg5 56. Bd3 Re8 57. Be4 Re7 1/2-1/2

[Event "Dresden (GER I)-Baku (AZE)"]
[Site "?"]
[Date "2009.06.05"]
[Round "3.2"]
[White "Müller, Burkhard"]
[Black "Yusifov, Fazil"]
[Result "1-0"]
[WhiteElo "2159"]
[BlackElo "1900"]
[PlyCount "55"]
[EventDate "2009.??.??"]
[WhiteTeam "Dresden (GER I)"]
[BlackTeam "Baku (AZE)"]

1. e4 e5 2. Nf3 Nc6 3. Bb5 Nge7 4. d4 exd4 5. Nxd4 Nxd4 6. Qxd4 Ng6 7. Nc3 c6
8. Be2 Qc7 9. g3 Qe5 10. Be3 Qxd4 11. Bxd4 b5 12. f4 d6 13. Bf3 Bb7 14. O-O-O
b4 15. Nb1 c5 16. Bf2 f5 17. Nd2 fxe4 18. Bxe4 Bxe4 19. Nxe4 O-O-O 20. Rd2 Kc7
21. Ng5 Rd7 22. Rhd1 h6 23. Ne6+ Kc6 24. Nxc5 a5 25. Nxd7 Kxd7 26. Bc5 Kc7 27.
Bxd6+ Bxd6 28. Rxd6 1-0

[Event "Dresden (GER I)-Baku (AZE)"]
[Site "?"]
[Date "2009.06.05"]
[Round "3.3"]
[White "Zhigannurov, Ramiz"]
[Black "Kössler, Wolfgang"]
[Result "0-1"]
[WhiteElo "1900"]
[BlackElo "1900"]
[PlyCount "106"]
[EventDate "2009.??.??"]
[WhiteTeam "Baku (AZE)"]
[BlackTeam "Dresden (GER I)"]

1. d4 c5 2. d5 Nf6 3. c4 Ne4 4. Qc2 Qa5+ 5. Bd2 Nxd2 6. Nxd2 g6 7. e4 Bg7 8.
Bd3 Na6 9. Qb3 d6 10. Ne2 Rb8 11. a4 Nb4 12. Bc2 O-O 13. Nc1 f5 14. O-O Nxd5
15. exd5 Qxd2 16. Nd3 Qg5 17. g3 Qf6 18. Rab1 g5 19. f3 e6 20. dxe6 Bxe6 21.
Nf2 Qd4 22. Rfd1 Qxc4 23. Qxc4 Bxc4 24. Rxd6 Bd4 25. b3 Be2 26. Kg2 g4 27. f4
Bf3+ 28. Kf1 Rbe8 29. Bd3 Re7 30. Bc4+ Kg7 31. Re1 Rxe1+ 32. Kxe1 Bc3+ 33. Kf1
Re8 34. Re6 Rd8 35. Re3 Bd4 36. Rd3 Re8 37. Rd2 Bc3 38. Rd7+ Kh8 39. Nd3 Bd4
40. Nf2 Re3 41. Rd6 Rc3 42. Re6 Rc2 43. Be2 Rc1+ 44. Nd1 Rxd1+ 45. Bxd1 Bxd1
46. Re7 Bxb3 47. Rxb7 c4 48. a5 Bc2 49. Rd7 Bd3+ 50. Kg2 Be4+ 51. Kf1 Be3 52.
Ke1 c3 53. Ke2 c2 0-1

[Event "Dresden (GER I)-Baku (AZE)"]
[Site "?"]
[Date "2009.06.05"]
[Round "3.4"]
[White "Krabbe, Wolfgang"]
[Black "Afandiyev, Ahad"]
[Result "1-0"]
[WhiteElo "1900"]
[BlackElo "1900"]
[PlyCount "73"]
[EventDate "2009.??.??"]
[WhiteTeam "Dresden (GER I)"]
[BlackTeam "Baku (AZE)"]

1. d4 Nf6 2. c4 g6 3. Nc3 Bg7 4. e4 d6 5. Be2 O-O 6. Bg5 h6 7. Be3 e5 8. d5
Nbd7 9. Qd2 Kh7 10. O-O-O a5 11. g4 Ng8 12. h4 b6 13. Nh3 Nc5 14. Ng5+ Kh8 15.
h5 gxh5 16. Rxh5 Nf6 17. Rh4 Nfxe4 18. Ngxe4 Qxh4 19. Ng3 Bxg4 20. Rh1 Qxh1+
21. Nxh1 Bxe2 22. Qxe2 f5 23. Qh5 f4 24. Bxc5 bxc5 25. Nb5 Rfc8 26. f3 c6 27.
Nxd6 Rc7 28. Nf7+ Kg8 29. Nxh6+ Bxh6 30. Qxh6 cxd5 31. Qe6+ Kf8 32. cxd5 Re7
33. Qh6+ Rg7 34. Nf2 Rd8 35. d6 Kg8 36. Ne4 Kf7 37. Qf6+ 1-0

[Event "St. Gallen (SUI)-London (ENG)"]
[Site "?"]
[Date "2009.06.05"]
[Round "3.1"]
[White "Kreuzer, Christopher"]
[Black "Redzepi, Halit"]
[Result "0-1"]
[WhiteElo "1928"]
[BlackElo "1847"]
[PlyCount "113"]
[EventDate "2009.??.??"]
[WhiteTeam "London (ENG)"]
[BlackTeam "St. Gallen (SUI)"]

1. e4 c5 2. Nf3 d6 3. d4 cxd4 4. Nxd4 Nf6 5. Nc3 a6 6. Be2 g6 7. Be3 Bg7 8. O-O
O-O 9. a4 b6 10. Bf3 e5 11. Nb3 Be6 12. Qd2 Qc7 13. Rfd1 Rd8 14. a5 bxa5 15.
Na4 Qb7 {(=)} 16. Nxa5 Qb5 17. Nb6 Ra7 18. Nd5 Bxd5 19. Bxa7 Bxe4 20. c4 Qd7
21. Bxe4 Qxa7 22. Bd5 Qb6 23. Ra3 Nxd5 24. Rb3 Qc5 25. Qxd5 Qc8 26. Rb7 Qf5 27.
Rb3 Bf8 28. c5 Nd7 29. Rf3 Nf6 30. Rxf5 Nxd5 31. Rxd5 {(=)} gxf5 32. Nc4 Rc8
33. b4 dxc5 34. bxc5 Rxc5 35. Rxc5 Bxc5 36. Nxe5 a5 37. Nd3 Bd4 38. Nc1 a4 39.
Kf1 f4 40. f3 f5 41. Ke2 Kf7 42. Kd3 Bg1 43. Kc4 a3 44. Kb3 Bc5 45. Nd3 Bd6 46.
Ne1 Ke6 47. Nc2 Kd5 48. h4 h5 49. Nxa3 Bxa3 50. Kxa3 Kd4 51. Kb3 Ke3 52. Kc3
Kf2 53. Kd4 Kxg2 54. Ke5 Kxf3 55. Kxf5 Ke3 56. Kg5 f3 57. Kxh5 0-1

[Event "St. Gallen (SUI)-London (ENG)"]
[Site "?"]
[Date "2009.06.05"]
[Round "3.2"]
[White "Wagner, Peter"]
[Black "Macleod, Alasdair"]
[Result "1/2-1/2"]
[WhiteElo "1900"]
[BlackElo "2031"]
[PlyCount "96"]
[EventDate "2009.??.??"]
[WhiteTeam "St. Gallen (SUI)"]
[BlackTeam "London (ENG)"]

1. e4 c5 2. Nf3 d6 3. d4 cxd4 4. Nxd4 Nf6 5. Nc3 g6 6. Be3 Bg7 7. f3 O-O 8. Bc4
Bd7 9. Qd2 Nc6 10. O-O-O Rc8 11. Bb3 Ne5 12. h4 Nc4 13. Bxc4 Rxc4 14. Kb1 Re8
15. Nb3 Qc7 16. Bh6 Rxc3 17. Bxg7 Rxc2 18. Qxc2 Qxc2+ 19. Kxc2 Kxg7 20. Rd4 Be6
21. Rb4 Rc8+ 22. Kd2 b6 23. Rc1 Rxc1 24. Nxc1 Nd7 25. b3 h5 26. Nd3 Nc5 27. Kc3
Kf6 28. Rd4 Nb7 29. g3 Bh3 30. Nf4 Bf1 31. Rd1 Ba6 32. Nd5+ Kg7 33. Kd2 Nc5 34.
Nxe7 Bb7 35. Ke3 Kf6 36. Nd5+ Ke5 37. f4+ Ke6 38. b4 Nxe4 39. Kxe4 f5+ 40. Kd4
Bxd5 41. a3 Be4 42. Rc1 Kd7 43. a4 a6 44. a5 b5 45. Re1 Bc6 46. Re3 Bg2 47. Rc3
Be4 48. Re3 Bg2 1/2-1/2

[Event "St. Gallen (SUI)-London (ENG)"]
[Site "?"]
[Date "2009.06.05"]
[Round "3.3"]
[White "Gardner, Phillip"]
[Black "Geisser, Rainer"]
[Result "1-0"]
[WhiteElo "1900"]
[BlackElo "1900"]
[PlyCount "43"]
[EventDate "2009.??.??"]
[WhiteTeam "London (ENG)"]
[BlackTeam "St. Gallen (SUI)"]

1. e4 c5 2. c3 d6 3. d4 cxd4 4. cxd4 Nf6 5. Nc3 e6 6. Bd3 Nbd7 7. Nf3 e5 8.
dxe5 dxe5 9. O-O Be7 10. Qe2 a6 11. Bg5 O-O 12. Rac1 b5 13. a3 Bb7 14. Rfd1 Rc8
15. Bb1 Rc7 16. Nxe5 Nxe4 17. Nxd7 Bxg5 18. Nxf8 Nxc3 19. Rxc3 Re7 20. Bxh7+
Kh8 21. Ng6+ fxg6 22. Rxd8+ 1-0

[Event "St. Gallen (SUI)-London (ENG)"]
[Site "?"]
[Date "2009.06.05"]
[Round "3.4"]
[White "Bolliger, Bruno"]
[Black "Dwek, Ilan"]
[Result "1/2-1/2"]
[WhiteElo "1900"]
[BlackElo "1900"]
[PlyCount "63"]
[EventDate "2009.??.??"]
[WhiteTeam "St. Gallen (SUI)"]
[BlackTeam "London (ENG)"]

1. d4 Nf6 2. c4 e5 3. dxe5 Ng4 4. Nf3 Bc5 5. e3 Nc6 6. Nc3 Ngxe5 7. Be2 O-O 8.
O-O d6 9. Nxe5 Nxe5 10. b3 Bd7 11. Bb2 Bc6 12. Nd5 Re8 13. Bxe5 Rxe5 14. Bf3
Bxd5 15. Bxd5 c6 16. Bf3 f5 17. Qc2 Qf6 18. Rad1 Rae8 19. Qc3 R8e6 20. Rd3 g5
21. h3 Qg6 22. g4 f4 23. exf4 gxf4 24. Rdd1 Qh6 25. Kg2 Qh4 26. Qd2 Qg5 27.
Rde1 Rxe1 28. Rxe1 Rxe1 29. Qxe1 Qe5 30. Qxe5 dxe5 31. Be4 h6 32. Bf5 1/2-1/2